000 00616nam a2200181 i 4500
001 59322
003 ES-MaACL
005 20250831130910.0
007 t|
008 031028s1912 sp ||||1| spa d
100 1 _aEllis, Havelock (
_d1859-1939)
_947049
245 1 0 _aEstudios de psicología sexual
_b: el sexo en ralación con la sociedad /
_cpor Henry Havelock Ellis ; traducida por Ceferino Palencia Tubau.
260 _aMadrid :
_bHijos de Reus,
_c1912.
300 _aXV, 774 p. ;
_c22 cm.
700 1 _aPalencia Tubau, Ceferino,
_d1882-1963
_988541
852 _aES-MaACL
_jF-14595
999 _c59322
_d59322